Finanční analýza podniku

Guardado en:
Detalles Bibliográficos
Autor principal: Sedláček, Jaroslav
Formato: Libro
Lenguaje:checo
Publicado: Brno Computer Press 2011
Edición:2. aktual. vyd.
Materias:
Etiquetas: Agregar Etiqueta
Sin Etiquetas, Sea el primero en etiquetar este registro!

MARC

LEADER 00000nam a2200000 4500
001 0177113
005 20240313085810.1
020 |a 978-80-251-3386-6 
041 0 |a cze 
044 |a CZ 
245 1 0 |a Finanční analýza podniku  |c Jaroslav Sedláček 
250 |a 2. aktual. vyd. 
264 1 |a Brno  |b Computer Press  |c 2011 
300 |a v, 152 s. 
610 2 0 |a analýza finančná 
610 2 0 |a cash flow 
610 2 0 |a rating 
610 2 0 |a analýza fundamentálna 
610 2 0 |a analýza technická 
610 2 0 |a modely 
100 1 |a Sedláček, Jaroslav